The Godfather (Registro nro. 7382)

Detalles MARC
000 -ENCABEZADO
Número de control [NR] 00632nam a2200193Ia 4500
008 - DE LONGITUD FIJA DE DATOS DE ELEMENTOS - INFORMACIÓN GENERAL
Elementos de longitud fija [NR] 130821s1969 xxu gr eng
040 ## - FUENTE DE CATALOGACION [NR]
Agencia de catalogación original [NR] Co-BoUCM
Idioma de catalogación [NR] spa
041 ## - CODIGO DE IDIOMA [R]
Código de idioma para texto/pista de sonido o título separado [R] Inglés
100 1# - ASIENTO PRINCIPAL--NOMBRE PERSONAL [NR]
Nombre personal [NR] Puzo, Mario Gianluigi
Fechas asociadas con el nombre [NR] 1920-1999
ID Autoridad 31628
245 #4 - MENCION DE TITULO [NR]
Título [NR] The Godfather
Mención de responsabilidad, etc. [NR] Mario Puzo.
260 ## - PUBLICACION, DISTRIBUCION, ETC. (PIE DE IMPRENTA) [R]
Lugar de publicación, distribución, etc. [R] Greenwich (Connecticut, Estados Unidos)
Nombre del editor, distribuidor, etc. [R] Fawcett
Fecha de publicación, distribución, etc. [R] 1969
300 ## - DESCRIPCION FISICA [R]
Extensión [R] 446 páginas
490 ## - MENCION DE SERIE [R]
Mención de serie [R] Fawcett Crest Book
650 04 - ASIENTO SECUNDARIO DE MATERIA - TERMINO TEMATICO [R]
Término temático o nombre geográfico como elemento de entrada [NR] Crimen organizado
Subdivisión de forma [R] Novela
9 (RLIN) 47759
650 04 - ASIENTO SECUNDARIO DE MATERIA - TERMINO TEMATICO [R]
Término temático o nombre geográfico como elemento de entrada [NR] Literatura estadounidense
9 (RLIN) 18653
650 04 - ASIENTO SECUNDARIO DE MATERIA - TERMINO TEMATICO [R]
Término temático o nombre geográfico como elemento de entrada [NR] Novela estadounidense
9 (RLIN) 20501
942 ## - ELEMENTOS DE ENTRADA AGREGADOS (KOHA)
Tipo de ítem principal el descrito en 300a Libro
Tema principal Literatura
Edición 1
Parte restante de la signatura top. P994g
Sistema de clasificación DEWEY
Clasificación 813.54
Existencias
Fecha de último préstamo Total préstamos Total Renewals Signatura topográfica Código de barras Última vez visto Ejemplar Price effective from Tipo de ítem Perdido Sistema de clasificación Dañado No prestable Tipo de ítem específico Suprimido Ubicación habitual Ubicación actual Localización Fecha de creación Forma de adquisición Costo
21/03/2024 23 15 813.54 P994g 100003519 09/12/2025 Ej.1 03/02/2013 Libro   DEWEY     Libro   Claustro Claustro 2do piso 28/02/2003 Donación 190.00